[Event "DEN-ch Kort 1-2"]
[Site "Svendborg"]
[Date "2018.03.26"]
[Round "4"]
[White "Sorensen, John"]
[Black "Dam, Lis K"]
[Result "0-1"]
[WhiteElo "1194"]
[BlackElo "1227"]
[PlyCount "64"]
[EventDate "2018.03.24"]
[EventType "swiss"]
[EventRounds "5"]
[EventCountry "DEN"]
[SourceTitle "EXT 2023"]
[Source "ChessBase"]
[SourceDate "2022.10.05"]
[SourceVersion "1"]
[SourceVersionDate "2022.10.05"]
[SourceQuality "1"]

1. d4 d5 2. e3 Bd7 3. c4 Nf6 4. Nc3 e6 5. Nf3 Bb4 6. Bd2 dxc4 7. Bxc4 Bxc3 8. Bxc3 Nc6 9. 0-0 Ne4 10. Qc2 Nxc3 11. bxc3 Qf6 12. Rfe1 Na5 13. Bd3 g6 14. Ne5 0-0-0 15. Reb1 Qe7 16. Rb2 f6 17. Nf3 Bc6 18. Rab1 Bxf3 19. gxf3 c6 20. c4 Qc7 21. c5 Rd7 22. Bc4 Re8 23. Be2 Kd8 24. f4 Rg8 25. Bc4 g5 26. Bxe6 gxf4+ 27. Bxg8 Rg7+ 28. Kh1 Rxg8 29. Rg1 Rxg1+ 30. Kxg1 Qg7+ 31. Kh1 f3 32. Rb1 Qg2# 0-1